MARC details
| 000 -LEADER |
| campo de control de longitud fija |
02237cam a2200397 i 4500 |
| 001 - NÚMERO DE CONTROL |
| campo de control |
158013 |
| 003 - IDENTIFICADOR DE NÚMERO DE CONTROL |
| campo de control |
SpMaBN |
| 005 - FECHA Y HORA DE LA ÚLTIMA TRANSACCIÓN |
| campo de control |
20250813063333.0 |
| 008 - DATOS DE LONGITUD FIJA--INFORMACIÓN GENERAL |
| campo de control de longitud fija |
230511s1625 sp spa |
| 035 ## - NÚMERO DE CONTROL DEL SISTEMA |
| Número de control de sistema |
(OCoLC)433810168 |
| 040 ## - FUENTE DE CATALOGACIÓN |
| Centro catalogador/agencia de origen |
SpMaBNbspa |
| Centro/agencia transcriptor |
SpMaBNerdc |
| Centro/agencia modificador |
ES-MaACL |
| 080 ## - NÚMERO DE LA CLASIFICACIÓN DECIMAL UNIVERSAL |
| Número de la Clasificación Decimal Universal |
321.011.1(460)"04/15" |
| 080 ## - NÚMERO DE LA CLASIFICACIÓN DECIMAL UNIVERSAL |
| Número de la Clasificación Decimal Universal |
342.36(460)"04/15" |
| 080 ## - NÚMERO DE LA CLASIFICACIÓN DECIMAL UNIVERSAL |
| Número de la Clasificación Decimal Universal |
94(460)"04/15" |
| 100 1# - ENTRADA PRINCIPAL--NOMBRE DE PERSONA |
| Nombre de persona |
López Madera, Gregorio, |
| Fechas asociadas al nombre |
1562-1649 |
| Término indicativo de función/relación |
Autor |
| 9 (RLIN) |
73744 |
| 245 10 - MENCIÓN DEL TÍTULO |
| Título |
Excelencias de la monarquía y reyno [sic] de España : |
| Resto del título |
en que de nueuo [sic] con grande aumento se trata de su origen, antiguedad, sucesiones... y conseruacion de su antiquissima lengua hasta aora / |
| Mención de responsabilidad, etc. |
por el Doctor Gregorio López Madera |
| 246 1# - FORMA VARIANTE DEL TITULO |
| Título propio/Titulo breve |
Excelencias de la monarquía y reino de España : |
| Resto del título |
en que de nuevo con grande aumento se trata de su origen, antigüedad, sucesiones... |
| 260 ## - PUBLICACIÓN, DISTRIBUCIÓN, ETC. |
| Lugar de publicación, distribución, etc. |
[En Madrid] : |
| Nombre del editor, distribuidor, etc. |
por Luis Sánchez : |
| -- |
a costa de Martín Gil de Cordoua, mercader de libros, |
| Fecha de publicación, distribución, etc. |
1625, |
| Fecha de fabricación/manufactura |
1624 |
| 300 ## - DESCRIPCIÓN FÍSICA |
| Extensión |
[14], 109, [1] páginas; |
| Dimensiones |
Fol. |
| 530 ## - NOTA DISPONIBLE DE FORMULARIO FÍSICO ADICIONAL |
| Nota de formato físico adicional disponible |
Disponible en formato digital |
| 596 ## - NOTA DE PIE DE IMPRENTA |
| Nota |
Lugar y segunda fecha de impresión tomadas de colofón |
| 597 ## - NOTA A LA DESCRIPCION FISICA |
| Nota |
Sign.: [asterisco]8, ¶6, A-R6, S8. |
| 597 ## - NOTA A LA DESCRIPCION FISICA |
| Nota |
Portada con escudo de la la Casa Real |
| 597 ## - NOTA A LA DESCRIPCION FISICA |
| Nota |
Texto a dos columnas, fileteado y con apostillas marginales |
| 650 #4 - PUNTO DE ACCESO ADICIONAL DE MATERIA--TÉRMINO DE MATERIA |
| Término de materia o nombre geográfico como elemento de entrada |
Monarquía- |
| Subdivisión geográfica |
España- |
| Subdivisión cronológica |
S.V-XV |
| 9 (RLIN) |
157921 |
| 650 #4 - PUNTO DE ACCESO ADICIONAL DE MATERIA--TÉRMINO DE MATERIA |
| Término de materia o nombre geográfico como elemento de entrada |
Monarquía- |
| Subdivisión geográfica |
España- |
| Subdivisión cronológica |
S.XVI |
| 9 (RLIN) |
239753 |
| 651 #4 - PUNTO DE ACCESO ADICIONAL DE MATERIA--NOMBRE GEOGRÁFICO |
| Nombre geográfico |
España- |
| Subdivisión general |
Historia- |
| Subdivisión cronológica |
0414-1474, Edad media |
| 9 (RLIN) |
8214 |
| 651 #4 - PUNTO DE ACCESO ADICIONAL DE MATERIA--NOMBRE GEOGRÁFICO |
| Nombre geográfico |
España- |
| Subdivisión general |
Historia- |
| Subdivisión cronológica |
0711-1492, Reconquista |
| 9 (RLIN) |
8217 |
| 700 1# - ENTRADA AGREGADA--NOMBRE PERSONAL |
| Nombre de persona |
Sánchez, Luis, |
| Fechas asociadas al nombre |
fl. 1590-1627 |
| Término indicativo de función/relación |
Impresor |
| 9 (RLIN) |
149806 |
| 752 ## - ENTRADA AGREGADA--NOMBRE JERÁRQUICO DEL LUGAR |
| País o entidad superior |
España |
| Ciudad |
Madrid |
| 852 ## - LOCALIZACIÓN |
| Ubicación |
ES-MaACL |
| Signatura antigua |
Olim: B-1804 (en verso de cubierta y a lápiz en portada) |
| -- |
Olim: 6-1 34-1 (tachado, en verso de hoja de guarda) |
| -- |
Olim: 144D29 (en portada) |
| Número de control de estantería |
R-136 |
| Ubicación en estantería |
Depósito |
| Marcas de propiedad |
Ex-libris ms. en portada: "De Don Antonio de Salcedo [rúbrica]" |
| -- |
Sello en tinta del Ateneo Científico de Madrid (en portada) |
| Anotaciones manuscritas |
Anotación ms. en portada: "En Madrid" |
| Encuadernación |
Holandesa |
| itemnumber |
163875 |
| 856 ## - LOCALIZACIÓN Y ACCESO ELECTRÓNICOS |
| Identificador Uniforme de Recursos |
<a href="https://patrimoniodigital.ucm.es/s/patrimonio/item/618094">https://patrimoniodigital.ucm.es/s/patrimonio/item/618094</a> |
| Texto de enlace |
Versión en línea |
| Nota pública |
(Patrimonio Digital Complutense) |
| 942 ## - ELEMENTOS DE ENTRADA SECUNDARIOS (KOHA) |
| Tipo de ítem Koha |
Libro impreso antiguo |
| Suprimir en OPAC |
No |